[Event "Santa Clara 1000 GM Schev4 03"]
[Site "Santa Clara"]
[Date "2024.03.09"]
[Round "2.4"]
[White "Talwalkar, Vedant"]
[Black "Vittorino, Carlo Giovanni"]
[Result "1/2-1/2"]
[WhiteElo "1996"]
[BlackElo "2226"]
[PlyCount "32"]
[EventDate "2024.03.06"]
[EventType "schev"]
[EventRounds "5"]
[EventCountry "USA"]
[SourceTitle "CB13_2024"]
[SourceDate "2024.03.27"]
[SourceVersion "1"]
[SourceVersionDate "2024.03.27"]
[SourceQuality "1"]

1. e4 e5 2. Nc3 Nc6 3. Bc4 Nf6 4. d3 Bb4 5. Nge2 d5 6. exd5 Nxd5 7. 0-0 Be6 8. Bxd5 Bxd5 9. f4 Qd7 10. Nxd5 Qxd5 11. fxe5 Qxe5 12. c3 Bd6 13. Bf4 Qe7 14. Bxd6 Qxd6 15. d4 0-0 16. Ng3 Ne7 1/2-1/2

[Event "Dulles Colonial op 3rd"]
[Site "Dulles"]
[Date "2022.04.14"]
[Round "3"]
[White "Talwalkar, Vedant"]
[Black "Sriniaiyer, Sudarshan"]
[Result "0-1"]
[WhiteElo "1735"]
[BlackElo "2195"]
[PlyCount "150"]
[EventDate "2022.04.13"]
[EventType "swiss"]
[EventRounds "9"]
[EventCountry "USA"]
[SourceTitle "CBM 207 Extra"]
[Source "ChessBase"]
[SourceDate "2022.05.31"]
[SourceVersion "1"]
[SourceVersionDate "2022.05.31"]
[SourceQuality "1"]

1. e4 c5 2. Nf3 d6 3. Bb5+ Bd7 4. Bxd7+ Nxd7 5. 0-0 Ngf6 6. Qe2 e6 7. c3 Be7 8. d4 0-0 9. Rd1 cxd4 10. cxd4 d5 11. e5 Ne4 12. Be3 Rc8 13. Ne1 h6 14. Qg4 Bg5 15. Bxg5 Qxg5 16. Qxg5 Nxg5 17. Nc3 f6 18. f4 Ne4 19. Nxe4 dxe4 20. d5 fxe5 21. dxe6 Nc5 22. e7 Rfe8 23. Rac1 Kf7 24. Rd5 b6 25. b4 exf4 26. bxc5 g5 27. h4 Kf6 28. Rd6+ Ke5 29. Rcd1 Rxc5 30. Rxh6 gxh4 31. Kf2 Rxe7 32. Nf3+ Kf5 33. Nxh4+ Kg5 34. Rdd6 Rg7 35. Kg1 Ra5 36. Rh8 Rxa2 37. Rd5+ Kf6 38. Rh6+ Kf7 39. Rd7+ Kg8 40. Rd8+ Kf7 41. Rhh8 Rg4 42. Rh7+ Ke6 43. Rh6+ Ke7 44. Rb8 Ra1+ 45. Kh2 Kd7 46. Nf5 Kc7 47. Rf8 Rd1 48. Rf7+ Rd7 49. Rff6 Rd2 50. Kh3 Rg8 51. Rh7+ Rd7 52. Ne7 Rg3+ 53. Kh2 Rg5 54. Rc6+ Kb7 55. Re6 e3 56. Rh4 Rd2 57. Rxf4 Rgxg2+ 58. Kh3 Rh2+ 59. Kg4 Rdg2+ 60. Kf5 e2 61. Rfe4 Rh5+ 62. Kf6 Rh6+ 63. Ke5 Rxe6+ 64. Kxe6 a5 65. Nf5 b5 66. Re5 b4 67. Nd6+ Kc6 68. Nc4 a4 69. Na5+ Kc7 70. Nc4 a3 71. Rc5+ Kb7 72. Re5 a2 73. Kd7 Rg7+ 74. Kd6 a1Q 75. Rb5+ Ka7 0-1